000 00692nam a2200169 a 4500
008 120416s0000 ||||||||||||||||| || u
020 _a071312914x
050 _aTJ 1160 Gre
100 _aGreer, Alex
245 1 0 _aMechanical engineering craft studies, part 3
250 _a2nd ed.
260 _aLondon
_bEdward Arnold
_c1977
300 _avi, 132p. : ill.
350 _a0.00
995 _aMAIN LIBRARY OPEN ACCESS
_D0.00
_e722962
_FCBU-MAIN LIBRARY (Kitwe)
_H1
_I2.00
_jTJ 1160 Gre
_UAVAILABLE
_y016044
_ZMain Library Open Access Collection
995 _aMAIN LIBRARY OPEN ACCESS
_D0.00
_e726686
_FCBU-MAIN LIBRARY (Kitwe)
_H2
_I2.00
_jTJ 1160 Gre
_UAVAILABLE
_y016045
_ZMain Library Open Access Collection
999 _c82817
_d82817